Cultures In Conflict : Essays On Literatures & The Language In South East Asia
| Main Author: | |
|---|---|
| Format: | Book |
| Language: | English |
| Published: |
Singapore :
Graham Brash ,
1986
|
| Subjects: |
MARC
| LEADER | 00000cam a2200000 7i4500 | ||
|---|---|---|---|
| 001 | 0000112845 | ||
| 005 | 20150224.0 | ||
| 008 | 150224 eng | ||
| 020 | |a 9971490218 | ||
| 090 | 0 | 0 | |a 895.4 FER |
| 100 | 1 | |a Fernando, Lloyd | |
| 245 | 1 | 0 | |a Cultures In Conflict : |b Essays On Literatures & The Language In South East Asia |c Lloyd Fernando |
| 260 | |a Singapore : |b Graham Brash , |c 1986 | ||
| 300 | |a viii, 253p. ; |c 22cm. | ||
| 650 | 0 | 0 | |a Literatures of Other Languages |
| 999 | |a 0000317902 |b Buku |c Rak Terbuka |e Perpustakaan Cawangan Jasin | ||